00680nam a2200181 i 450000100060000000300090000600500170001500700030003200800410003510000540007624500790013026000290020930000220023865100670026085200320032799900170035995201220037670219ES-MaACL20251015063103.0t|040720s1963 sp ||||1| spa d1 aGarcía de Pruneda, Salvador, d1912-199695448913aLa encrucijada de Carabanchel b: novela / cSalvador García de Pruneda. aMadrid : bCid, c[1963] a350 p. ; c22 cm. 4aEspaña-xHistoria-y1936-1939, Guerra civil-vNovelas.98310 aES-MaACLjC-24297 bR.52834 c70219d70219 00104070aATENEOMbATENEOMcDEPO2d2008-01-17eSCl0oC-24297p1073530r2023-02-23 00:00:00w2023-02-23yMONOGRAFIA